Employer engagement in promoting the labour-market participation of jobseekers with disabilities: An employer perspective (Record no. 519417)

000 -LEADER
fixed length control field 01601nam a22001577a 4500
008 - FIXED-LENGTH DATA ELEMENTS--GENERAL INFORMATION
fixed length control field 220314b ||||| |||| 00| 0 eng d
100 ## - MAIN ENTRY--PERSONAL NAME
Personal name Berke, Rik Van
245 ## - TITLE STATEMENT
Title Employer engagement in promoting the labour-market participation of jobseekers with disabilities: An employer perspective
260 ## - PUBLICATION, DISTRIBUTION, ETC. (IMPRINT)
Place of publication, distribution, etc Social Policy and Society
300 ## - PHYSICAL DESCRIPTION
Extent 20(4), Oct, 2021: p.533-547
520 ## - SUMMARY, ETC.
Summary, etc This article contributes to the literature on engaging employers in activation policies. It focuses on a specific policy aimed at promoting the labour-market participation of people with disabilities. Unlike many activation policies, this policy recognises that the engagement of employers and the human resource management practices in their organisations are crucial factors for the policy’s success. The article reports on a study among employers participating in this policy. It focuses on the challenges employers experience in placing people with disabilities in their organisations, and on the public support they expect in dealing with these challenges. The article concludes that as promoting the labour-market participation of groups remote from the labour market requires social policy interventions as well as interventions in organisational human resource management, it poses challenges for policy makers, agencies providing employment services, and employers and their organisations. – Reproduced
650 ## - SUBJECT ADDED ENTRY--TOPICAL TERM
Topical term or geographic name as entry element Employer engagement, Disability, Activation policy, HRM, Employment services.
9 (RLIN) 30424
773 ## - HOST ITEM ENTRY
Main entry heading Social Policy and Society
906 ## - LOCAL DATA ELEMENT F, LDF (RLIN)
Subject DIP LABOUR MARKET
942 ## - ADDED ENTRY ELEMENTS (KOHA)
Item type Articles
Holdings
Withdrawn status Lost status Source of classification or shelving scheme Damaged status Not for loan Permanent location Current location Date acquired Serial Enumeration / chronology Barcode Date last seen Koha item type
          Indian Institute of Public Administration Indian Institute of Public Administration 2022-03-14 20(4), Oct, 2021: p.533-547 AR126328 2022-03-14 Articles

Powered by Koha